000 00311nam a22001337a 4500
008 180226b xxu||||| |||| 00| 0 eng d
020 _a9780983394501
041 _aeng
080 _a371
100 _a25
101 _aEDU
245 _aThe Power of the Zip in a Heavenly Light
_cMelton, J.K
942 _2udc
_cBK
999 _c43477
_d43477